000 00577nam a2200181 a 4500
001 000043185
005 20201002040714.0
008 140221s1971 sp 000 p spa d
040 _aDO-SdBNP
_bspa
_cBNPHU
082 _axxx
_bxxx
100 1 _aCelaya, Gabriel,
_d1911-1991.
_924708
245 1 0 _aCien poemas de un amor /
_cGabriel Celaya.
260 _aEsplugas de Llobregat :
_bPlaza & Janés,
_c1971.
300 _a176 p. ;
_c19 cm.
490 1 _aSelecciones de poesía española
504 _aBibliografía : p. 175- 176
830 0 _aSelecciones de poesía española
_969282
999 _c42674
_d42674